000 00853nam a2200265Ia 4500
003 OSt
005 20220928124049.0
006 a|||||r|||| 00| 0
007 ta
008 220927b |||||||| |||| 00| 0 eng d
020 _cINR 1495.00
024 _a143332
037 _b73, 12/03/2020, Shivam Book Service
_cTextual
040 _aSDCL
_cSDCL
_beng
041 _2eng
_aeng
082 _aX9:328.2'N9, N1
100 _aTripathi Dwijendra Ed.
_9386871
245 0 _aBusiness and politics in India
_b A historical perspectives
260 _aNew Delhi
_bManohar
_c1991
300 _axv,375p.
_ccm.
490 _aIIMA monograph in business history-III
650 _aBusiness Economics
_9391653
942 _hX9:328.2'N9, N1
_cTEXL
_2CC
999 _c776177
_d776177